Portrayal of Art Heritage in Mainstream Newspapers of Bangladesh / (Record no. 81554)
[ view plain ]
| 000 -LEADER | |
|---|---|
| fixed length control field | 00923nam a2200241 a 4500 |
| 001 - CONTROL NUMBER | |
| RUCL Control Number | 81554 |
| 003 - CONTROL NUMBER IDENTIFIER | |
| rucl marc code | BD-RjUL |
| 005 - DATE AND TIME OF LATEST TRANSACTION | |
| control field | 20230711125412.0 |
| 008 - FIXED-LENGTH DATA ELEMENTS--GENERAL INFORMATION | |
| fixed length control field | 230710s2020 bg a|||| m||| 00| 0 eng d |
| 035 ## - SYSTEM CONTROL NUMBER | |
| system control number | (BD-RjUL)81554 |
| 040 ## - CATALOGING SOURCE | |
| Original cataloging agency | BD-RjUL |
| Language of cataloging | eng |
| Transcribing agency | BD-RjUL |
| Modifying agency | BD-RjUL |
| 041 ## - LANGUAGE CODE | |
| Language code of Book | eng |
| 082 ## - DEWEY DECIMAL CLASSIFICATION NUMBER | |
| Classification number | 070.172095492 |
| Author mark and Year | ISP 2020 |
| DDC Edition number | 23 |
| 100 ## - MAIN ENTRY--PERSONAL NAME | |
| Personal name | Islam, Md. Serajul |
| 9 (RLIN) | 7960 |
| 245 10 - TITLE STATEMENT | |
| Title | Portrayal of Art Heritage in Mainstream Newspapers of Bangladesh / |
| Statement of responsibility, etc | Md. Serajul Islam ; |
| Name of Supervisor/Co-Supervisor | Supervisor : Mustak Ahmad. |
| 260 ## - PUBLICATION, DISTRIBUTION, ETC. (IMPRINT) | |
| Place of publication, distribution, etc | Rajshahi : |
| Name of publisher, distributor, etc | Deaprtment of Mass Communication and journalism, University of Rajshahi, |
| Date of publication, distribution, etc | 2020 |
| 300 ## - PHYSICAL DESCRIPTION | |
| Pagination | xv,175 Leaves : |
| Other physical details | ill, ; |
| Dimensions | 29 cm. |
| 502 ## - DISSERTATION NOTE | |
| Dissertation note | Thesis (M. Phil.) -- Deapartment of Mass Communication and journalism, University of Rajshahi, 2020 |
| 504 ## - BIBLIOGRAPHY, ETC. NOTE | |
| Bibliography, etc | References : Leaves 162-172 |
| 650 ## - SUBJECT ADDED ENTRY--TOPICAL TERM | |
| Topical term or geographic name as entry element | Newspapers |
| Geographic subdivision | Bangladesh |
| 9 (RLIN) | 7961 |
| 700 ## - ADDED ENTRY--SUPERVISOR/CO-SUPERVISOR NAME | |
| Personal name | Ahmad, Mustak, Supervisor |
| 9 (RLIN) | 7962 |
| 942 ## - ADDED ENTRY ELEMENTS (KOHA) | |
| Source of classification or shelving scheme | Dewey Decimal Classification |
| Koha item type | Theses |
| Source of classification or shelving scheme | Damaged status | Not for loan | Collection code | Permanent Location | Current Location | Shelving location | Date of accession | Source of acquisition | Total Checkouts | Full call number | Barcode | Date last seen | Copy number | Thesis |
|---|---|---|---|---|---|---|---|---|---|---|---|---|---|---|
| Dewey Decimal Classification | Not For Loan | Theses | Central Library, University of Rajshahi | Central Library, University of Rajshahi | Documentation Section | 28/03/2023 | Controller of Exam. R. U. | THE 070.172095492 ISP 2020 | D4787 | 10/07/2023 | C-1 | Theses |